| 000 | 00000nam##2200000za#4500 |
| 001 | 9.530392 |
| 003 | CaOODSP |
| 005 | 20200327071501 |
| 007 | ta |
| 008 | 150406|1998||||xxc||||| f|0| 0 eng|d |
| 020 | |a0-660-60503-1 |
| 040 | |aCaOODSP|beng |
| 041 | |aeng |
| 041 | |afre |
| 043 | |an-cn--- |
| 086 | 1 |aBT31-2/1999-III-83 |
| 110 | 1 |aCanada. |bTreasury Board. |
| 245 | 10|aRCMP External Review Committee |
| 260 | |aOttawa - Ontario : |bTreasury Board of Canada Secretariat |c1998. |
| 300 | |aEnglish text, 16p. : |borganization chart, tables ; |c28 cm. |
| 490 | 1 |a1998-99 estimates, part III: Report on plans and priorities |
| 546 | |aBilingual |
| 563 | |aSoftcover |
| 590 | |a98-14|b1998-04-03 |
| 776 | 0#|tRCMP External Review Committee, 1998-99 estimates, report on plans and priorities |w(CaOODSP)9.567675 |
| 776 | 0#|tComité externe d'examen de la GRC, 1998-1999 budget des dépenses, rapport sur les plans et les priorités |w(CaOODSP)9.599005 |
| 792 | |tComité externe d'examen de la GRC |efre|w(CaOODSP)9.530393 |
| 830 | #0|a1998-99 estimates, part III: Report on plans and priorities.|w(CaOODSP)9.508960 |